True BASIC : programs and subroutines /

Bibliographic Details
Main Author: Craig, John Clark
Format: Book
Language:English
Published: Blue Ridge Summit, PA : Tab Books, [1985]
Edition:1st ed.
Subjects:

MARC

Tag First Indicator Second Indicator Subfields
LEADER 00000pam a2200000 a 4500
001 in00000410069
005 20151012051901.0
008 851023s1985 paua 00110 eng
010 |a  85027635  
020 |a 0830609903 :  |c $24.95 
020 |a 0830619909 (pbk.) :  |c $16.45 
035 |a (OCoLC)12810260 
035 |9 ABT7990AM 
039 0 |a 2  |b 3  |c 3  |d 3  |e 3 
040 |a DLC  |c DLC  |d TXA  |d UtOrBLW 
049 |a TXAM  |c [A09331748] 
050 0 0 |a QA76.73.B3  |b C72 1985 
082 0 |a 005.26  |2 19 
100 1 |a Craig, John Clark. 
245 1 0 |a True BASIC :  |b programs and subroutines /  |c John Clark Craig. 
250 |a 1st ed. 
264 1 |a Blue Ridge Summit, PA :  |b Tab Books,  |c [1985] 
264 4 |c ©1985 
300 |a viii, 213 pages :  |b illustrations ;  |c 25 cm. 
336 |a text  |b txt  |2 rdacontent 
337 |a unmediated  |b n  |2 rdamedia 
338 |a volume  |b nc  |2 rdacarrier 
500 |a "No. 1990." 
500 |a Includes index. 
650 0 |a BASIC (Computer program language) 
999 |a MARS 
999 f f |s 71102935-f75e-3cb1-bec6-f6b3b84b24e7  |i b371f722-d212-31e6-adf0-f4b8ac4d6ff0  |t 0 
952 f f |p normal  |a Texas A&M University  |b College Station  |c Sterling C. Evans Library  |d Evans: Library Stacks  |t 0  |e QA76.73.B3 C72 1985  |h Library of Congress classification  |i unmediated -- volume  |m A14809331748 
998 f f |a QA76.73.B3 C72 1985  |t 0  |l Evans: Library Stacks